| 000 | 01192cam a2200349 a 4500 | ||
|---|---|---|---|
| 001 | 38530 | ||
| 003 | CO-BoRNBP | ||
| 005 | 20250801162558.0 | ||
| 007 | ta | ||
| 008 | 950614s1991 ck abo r 00110 spa d | ||
| 040 |
_ala _cla _bspa _erda |
||
| 041 | 0 | _aspa | |
| 043 | _as-ck--- | ||
| 082 | 0 | 4 |
_a918.659 _bI57m |
| 110 | 2 |
_aInstituto Geográfico "Agustín Codazzi". _bSubdirección de Geografía. _943649 |
|
| 245 | 1 | 0 |
_aMeta : _bcaracterísticas geográficas / _cInstituto Geográfico Agustín Codazzi . Subdirección de Geografía. |
| 250 | _aPrimera edición | ||
| 300 |
_a142 p. : _bil., mapas, fots. ; _c28 cm. |
||
| 336 |
_2rdacontenido _atexto _btxt |
||
| 337 |
_2rdamedio _asin mediación _bn |
||
| 338 |
_2rdasoporte _avolumen _bnc |
||
| 504 | _aIncluye bibliografía. | ||
| 650 | 7 |
_aGeografía histórica. _2BLAAUTO _943650 |
|
| 651 | 7 |
_aMeta (Colombia) _x Condiciones económicas. _943651 |
|
| 651 | 7 |
_aMeta (Colombia) _x Geografía. _943652 |
|
| 651 | 7 |
_aMeta (Colombia) _x Geografía histórica. _943653 |
|
| 651 | 7 |
_aMeta (Colombia) _x Descripción. _943654 |
|
| 830 | 0 |
_aCorpes-Orinoquía-Libros _942319 |
|
| 942 |
_2ddc _cBK |
||
| 949 |
_ac _bc |
||
| 999 |
_c38530 _d38530 |
||